000 01097nam a2200217Ia 4500
999 _c38988
_d38988
001 5456
003 GE_BSU
005 20190624210151.0
008 181216s1976||||ge |||||||||||||| ||geo||
041 _ageo
080 _a621.36(075.8) ბ-48
100 _aბენდელიანი, ჯ.
_92867
245 _aდენის ნახევარგამტარული გარდამქმნელები : I ნაწილი :
_bგარდამქმნელების თეორიის საფუძვლები /
_cჯ. ბენდელიანი ; რედ : ლ. მაღულარია.
264 _aთბილისი :
_bგანათლება,
_c1976.
300 _a502 გვ.:
_bნახაზ ;
_c22 სმ.
504 _aბიბლიოგრ.: გვ.497-498.
653 _aდენის ნახევარგამტარული გარდამქმნელები
653 _aტექნიკა
700 _aმაღულარია, ლ
_eრედაქტორი
_92868
942 _cBK
_2udc